Del espiritu de asociación aplicado a cuanto puede interesar al procomunal de una nación y al fomento de la riqueza pública y privada / (Record no. 156765)

MARC details
000 -LEADER
campo de control de longitud fija 00844nam a22001935i 4500
001 - NÚMERO DE CONTROL
campo de control 156765
003 - IDENTIFICADOR DE NÚMERO DE CONTROL
campo de control ES-MaACL
005 - FECHA Y HORA DE LA ÚLTIMA TRANSACCIÓN
campo de control 20251014063226.0
008 - DATOS DE LONGITUD FIJA--INFORMACIÓN GENERAL
campo de control de longitud fija 940202s1834 sp |||| | spa d
100 1# - ENTRADA PRINCIPAL--NOMBRE DE PERSONA
Nombre de persona Laborde, Alexandre de,
Fechas asociadas al nombre 1774-1842
9 (RLIN) 69247
245 10 - MENCIÓN DEL TÍTULO
Título Del espiritu de asociación aplicado a cuanto puede interesar al procomunal de una nación y al fomento de la riqueza pública y privada /
Mención de responsabilidad, etc. escrita en francés por el conde Alejandro de Laborde ; traducida al castellano por el marqués de Sanfelices.
260 ## - PUBLICACIÓN, DISTRIBUCIÓN, ETC.
Lugar de publicación, distribución, etc. Valladolid :
Nombre del editor, distribuidor, etc. [s.n.],
Fecha de publicación, distribución, etc. 1834 (
Fabricante Imp. de Aparicio)
300 ## - DESCRIPCIÓN FÍSICA
Extensión XII, 403 p. ;
Dimensiones 22 cm.
650 #4 - PUNTO DE ACCESO ADICIONAL DE MATERIA--TÉRMINO DE MATERIA
Término de materia o nombre geográfico como elemento de entrada Desarrollo económico.
9 (RLIN) 153584
650 #4 - PUNTO DE ACCESO ADICIONAL DE MATERIA--TÉRMINO DE MATERIA
Término de materia o nombre geográfico como elemento de entrada Política-
Subdivisión general Filosofía
9 (RLIN) 16274
700 1# - ENTRADA AGREGADA--NOMBRE PERSONAL
Nombre de persona Sanfelices,
Títulos y otros términos asociados al nombre Marqués de.
9 (RLIN) 103128
852 ## - LOCALIZACIÓN
Ubicación ES-MaACL
Número de control de estantería G-10196
Nota libre - Enc. hol.
Holdings
Estatus retirado Estado de pérdida Estado de daño No para préstamo Colección Biblioteca de origen Biblioteca actual Ubicación en estantería Fecha de adquisición Fuente de adquisición Total de préstamos Signatura topográfica completa Código de barras Visto por última vez Precio de reemplazo Tipo de ítem Koha
        Libros del s. XIX Biblioteca del Ateneo de Madrid Biblioteca del Ateneo de Madrid Sala Pecera Planta 3 17/01/2008     G-10196 1164011 23/02/2023 23/02/2023 Libro impreso antiguo